[Event "Warsaw YMCA Winter-A 296th"]
[Site "Warsaw"]
[Date "2025.02.28"]
[Round "8"]
[White "Flis, Piotr"]
[Black "Sternik, Piotr"]
[Result "1/2-1/2"]
[WhiteElo "2022"]
[BlackElo "1902"]
[PlyCount "37"]
[EventDate "2025.01.10"]
[EventType "tourn"]
[EventRounds "11"]
[EventCountry "POL"]
[SourceTitle "CB14_2025"]
[SourceDate "2024.11.01"]
[SourceVersion "1"]
[SourceVersionDate "2024.11.01"]
[SourceQuality "1"]

1. c4 Nf6 2. Nf3 e6 3. Nc3 d5 4. d4 Be7 5. Bg5 0-0 6. e3 c6 7. Rc1 Nbd7 8. Bd3 h6 9. Bh4 dxc4 10. Bxc4 c5 11. 0-0 cxd4 12. exd4 a6 13. Re1 b5 14. Bd3 Bb7 15. Bb1 Rc8 16. a3 Re8 17. Qd3 Nf8 18. Ne5 Nd5 19. Bg3 1/2-1/2

[Event "Warsaw YMCA Winter-A 296th"]
[Site "Warsaw"]
[Date "2025.02.21"]
[Round "7"]
[White "Szwaj, Jacek"]
[Black "Sternik, Piotr"]
[Result "1/2-1/2"]
[WhiteElo "1940"]
[BlackElo "1902"]
[PlyCount "48"]
[EventDate "2025.01.10"]
[EventType "tourn"]
[EventRounds "11"]
[EventCountry "POL"]
[SourceTitle "CB14_2025"]
[SourceDate "2024.11.01"]
[SourceVersion "1"]
[SourceVersionDate "2024.11.01"]
[SourceQuality "1"]

1. e4 e5 2. Nf3 Nf6 3. Nxe5 d6 4. Nf3 Nxe4 5. c4 Be7 6. d4 d5 7. Bd3 0-0 8. 0-0 c6 9. Nc3 Nxc3 10. bxc3 Be6 11. c5 Nd7 12. Qc2 h6 13. Re1 b6 14. cxb6 axb6 15. Bf4 c5 16. Ne5 Nxe5 17. Bxe5 Bf6 18. Bh7+ Kh8 19. Bf5 Bxe5 20. Rxe5 cxd4 21. cxd4 Qd7 22. Bxe6 fxe6 23. Qb3 b5 24. Rae1 Rf6 1/2-1/2

[Event "Warsaw YMCA Summer-A 290th"]
[Site "Warsaw"]
[Date "2024.07.25"]
[Round "1"]
[White "Jaroszuk, Marcin"]
[Black "Sternik, Piotr"]
[Result "1/2-1/2"]
[WhiteElo "1764"]
[BlackElo "1873"]
[PlyCount "34"]
[EventDate "2024.07.03"]
[EventType "tourn"]
[EventRounds "10"]
[EventCountry "POL"]
[SourceTitle "EXT 2025"]
[Source "ChessBase"]
[SourceDate "2024.10.14"]
[SourceVersion "1"]
[SourceVersionDate "2024.10.14"]
[SourceQuality "1"]

1. Nf3 Nf6 2. c4 c5 3. g3 d6 4. d4 g6 5. Bg2 Bg7 6. 0-0 0-0 7. dxc5 dxc5 8. Nc3 Nc6 9. Be3 Be6 10. Ng5 Bxc4 11. Qa4 Na5 12. Bxc5 Qc7 13. Bb4 Nc6 14. Bxc6 Qxc6 15. Qxc6 bxc6 16. Bxe7 Rfe8 17. Bc5 Nd5 1/2-1/2

[Event "Warsaw YMCA Spring-B 287th"]
[Site "Warsaw"]
[Date "2024.06.04"]
[Round "9"]
[White "Szukalski, Antoni"]
[Black "Sternik, Piotr"]
[Result "1/2-1/2"]
[WhiteElo "1792"]
[BlackElo "1875"]
[PlyCount "54"]
[EventDate "2024.04.11"]
[EventType "tourn"]
[EventRounds "11"]
[EventCountry "POL"]
[SourceTitle "EXT 2025"]
[Source "ChessBase"]
[SourceDate "2024.10.14"]
[SourceVersion "1"]
[SourceVersionDate "2024.10.14"]
[SourceQuality "1"]

1. e4 c5 2. Nf3 Nc6 3. d4 cxd4 4. Nxd4 g6 5. Nc3 Bg7 6. Be3 Nf6 7. Bc4 0-0 8. h3 Nxe4 9. Bxf7+ Rxf7 10. Nxe4 d5 11. Ng5 Rf6 12. 0-0 e5 13. Nxc6 bxc6 14. Nf3 Rf5 15. c3 Qf6 16. Qa4 Rxf3 17. gxf3 Bxh3 18. f4 d4 19. cxd4 exf4 20. Bxf4 Bxf1 21. Qb3+ Kh8 22. Be5 Qg5+ 23. Kxf1 Bxe5 24. dxe5 Qxe5 25. Qc2 Qb5+ 26. Kg1 Re8 27. Rd1 Qg5+ 1/2-1/2

[Event "Warsaw YMCA Spring-B 287th"]
[Site "Warsaw"]
[Date "2024.05.10"]
[Round "5"]
[White "Pietrzak, Wojciech"]
[Black "Sternik, Piotr"]
[Result "1/2-1/2"]
[WhiteElo "1856"]
[BlackElo "1875"]
[PlyCount "75"]
[EventDate "2024.04.11"]
[EventType "tourn"]
[EventRounds "11"]
[EventCountry "POL"]
[SourceTitle "EXT 2025"]
[Source "ChessBase"]
[SourceDate "2024.10.14"]
[SourceVersion "1"]
[SourceVersionDate "2024.10.14"]
[SourceQuality "1"]

1. e4 c5 2. Nf3 Nc6 3. c3 d5 4. exd5 Qxd5 5. d4 e6 6. Be2 cxd4 7. cxd4 Bb4+ 8. Nc3 Nf6 9. 0-0 Qa5 10. a3 0-0 11. axb4 Qxa1 12. Qb3 a5 13. Be3 axb4 14. Rxa1 Rxa1+ 15. Nd1 Nd5 16. g3 b6 17. h3 Bb7 18. Kh2 Rfa8 19. Ng5 h6 20. Ne4 Na5 21. Qc2 Rc8 22. Qd3 Nc4 23. Nc5 bxc5 24. Qxc4 Nxe3 25. fxe3 Bd5 26. Qc2 c4 27. e4 c3 28. exd5 b3 29. Qxc3 Rxc3 30. Nxc3 exd5 31. Bb5 Ra2 32. Na4 Kf8 33. Kg2 Ke7 34. Kf3 Kd6 35. h4 Ra1 36. Nc3 Ra2 37. Na4 Ra1 38. Nc3 1/2-1/2

[Event "Warsaw YMCA Spring-B 287th"]
[Site "Warsaw"]
[Date "2024.05.01"]
[Round "4"]
[White "Sternik, Piotr"]
[Black "Kacprzak, Karol"]
[Result "1/2-1/2"]
[WhiteElo "1875"]
[BlackElo "1810"]
[PlyCount "29"]
[EventDate "2024.04.11"]
[EventType "tourn"]
[EventRounds "11"]
[EventCountry "POL"]
[SourceTitle "EXT 2025"]
[Source "ChessBase"]
[SourceDate "2024.10.14"]
[SourceVersion "1"]
[SourceVersionDate "2024.10.14"]
[SourceQuality "1"]

1. d4 d5 2. c4 e6 3. Nf3 c5 4. cxd5 exd5 5. g3 Nc6 6. Bg2 Nf6 7. 0-0 Be7 8. Nc3 0-0 9. b3 Ne4 10. Bb2 Bf6 11. e3 cxd4 12. Nxd4 Nxd4 13. exd4 Nxc3 14. Bxc3 Re8 15. Re1 1/2-1/2

[Event "Warsaw YMCA Winter-A 282nd"]
[Site "Warsaw"]
[Date "2024.03.01"]
[Round "8"]
[White "Lewandrowski, Tomasz"]
[Black "Sternik, Piotr"]
[Result "0-1"]
[WhiteElo "1822"]
[BlackElo "1829"]
[PlyCount "54"]
[EventDate "2024.01.12"]
[EventType "tourn"]
[EventRounds "11"]
[EventCountry "POL"]
[SourceTitle "EXT 2025"]
[Source "ChessBase"]
[SourceDate "2024.10.14"]
[SourceVersion "1"]
[SourceVersionDate "2024.10.14"]
[SourceQuality "1"]

1. d4 Nf6 2. Nc3 d5 3. Bf4 c6 4. e3 e6 5. Nf3 Bd6 6. Ne5 Qc7 7. Bd3 Nbd7 8. Nxd7 Bxd7 9. Bg5 e5 10. Qd2 0-0-0 11. 0-0-0 h6 12. dxe5 Bxe5 13. Bf4 Bxf4 14. exf4 c5 15. f3 d4 16. Nb5 Bxb5 17. Bxb5 a6 18. Bd3 Nd5 19. f5 Ne3 20. Rde1 c4 21. Be4 c3 22. bxc3 Qa5 23. cxd4 Qa3+ 24. Kb1 Nc4 25. Qc1 Qb4+ 26. Ka1 Qc3+ 27. Kb1 Rd6 0-1

[Event "Warsaw YMCA Winter-A 282nd"]
[Site "Warsaw"]
[Date "2024.02.16"]
[Round "6"]
[White "Choroszej, Aleksander"]
[Black "Sternik, Piotr"]
[Result "1/2-1/2"]
[WhiteElo "1899"]
[BlackElo "1829"]
[PlyCount "92"]
[EventDate "2024.01.12"]
[EventType "tourn"]
[EventRounds "11"]
[EventCountry "POL"]
[SourceTitle "EXT 2025"]
[Source "ChessBase"]
[SourceDate "2024.10.14"]
[SourceVersion "1"]
[SourceVersionDate "2024.10.14"]
[SourceQuality "1"]

1. d4 Nf6 2. c4 c5 3. d5 e6 4. Nc3 d6 5. e4 e5 6. Be2 Be7 7. Nf3 0-0 8. 0-0 Ne8 9. Ne1 f5 10. exf5 Bxf5 11. Bd3 Bxd3 12. Nxd3 Nd7 13. f3 Bg5 14. Nf2 Nb6 15. b3 Bxc1 16. Qxc1 Nf6 17. Nfe4 Nxe4 18. Nxe4 Qe7 19. Qe3 Nd7 20. Rae1 Rae8 21. Qg5 Nf6 22. Ng3 Nxd5 23. Qxe7 Nxe7 24. Ne4 Rd8 25. f4 b6 26. Ng5 Rf5 27. Ne6 Re8 28. Nc7 Rc8 29. Nb5 Rd8 30. g4 Rf6 31. fxe5 dxe5 32. Rxe5 Nc6 33. Rd5 Rxf1+ 34. Kxf1 Rf8+ 35. Kg2 Nb4 36. Rd7 a6 37. Nc7 Nxa2 38. Ne6 Re8 39. Nxg7 Re4 40. Kf3 Re1 41. Kf2 Re4 42. Kf3 Re1 43. Kf2 Rb1 44. Nh5 Rb2+ 45. Kg1 Rb1+ 46. Kf2 Rb2+ 1/2-1/2

[Event "Warsaw YMCA Winter-A 282nd"]
[Site "Warsaw"]
[Date "2024.01.24"]
[Round "1"]
[White "Sternik, Piotr"]
[Black "Pietrzak, Wojciech"]
[Result "0-1"]
[WhiteElo "1829"]
[BlackElo "1754"]
[PlyCount "72"]
[EventDate "2024.01.12"]
[EventType "tourn"]
[EventRounds "11"]
[EventCountry "POL"]
[SourceTitle "EXT 2025"]
[Source "ChessBase"]
[SourceDate "2024.10.14"]
[SourceVersion "1"]
[SourceVersionDate "2024.10.14"]
[SourceQuality "1"]

1. d4 d5 2. c4 dxc4 3. Nc3 a6 4. a4 e5 5. d5 Bb4 6. e4 Qh4 7. Qc2 Nf6 8. Bd2 Bxc3 9. Bxc3 Nbd7 10. Nf3 Qxe4+ 11. Qxe4 Nxe4 12. Bxe5 0-0 13. Bd4 Nd6 14. Be2 Re8 15. Kf1 Re4 16. Bc3 Nb6 17. Nd2 Re8 18. Bf3 Bf5 19. g4 Bd3+ 20. Kg2 Ne4 21. Nxe4 Bxe4 22. Rhd1 Rad8 23. Bxe4 Rxe4 24. Kf3 Ree8 25. d6 Rxd6 26. Rxd6 cxd6 27. Ba5 Nd7 28. Rd1 Ne5+ 29. Kg3 Nd3 30. b3 b5 31. bxc4 bxc4 32. Rb1 h6 33. Rb6 Nc5 34. f3 Rc8 35. Rxd6 Nb7 36. Rd5 Nxa5 0-1

[Event "Warsaw YMCA Autumn-A 278th"]
[Site "Warsaw"]
[Date "2023.11.03"]
[Round "7"]
[White "Sternik, Piotr"]
[Black "Kaniak, Monika"]
[Result "1/2-1/2"]
[WhiteElo "1829"]
[BlackElo "1796"]
[PlyCount "39"]
[EventDate "2023.09.22"]
[EventType "tourn"]
[EventRounds "13"]
[EventCountry "POL"]
[SourceTitle "EXT 2025"]
[Source "ChessBase"]
[SourceDate "2024.10.14"]
[SourceVersion "1"]
[SourceVersionDate "2024.10.14"]
[SourceQuality "1"]

1. d4 e6 2. Nf3 b6 3. c4 Bb7 4. e3 Nf6 5. Bd3 Be7 6. Nc3 d5 7. cxd5 Nxd5 8. Nxd5 exd5 9. Qc2 h6 10. 0-0 Nd7 11. Re1 0-0 12. e4 Bb4 13. Rd1 dxe4 14. Bxe4 Bxe4 15. Qxe4 Nf6 16. Qh4 Nd5 17. Qg4 Nf6 18. Qh4 Nd5 19. Qg4 Nf6 20. Qh4 1/2-1/2

[Event "Warsaw YMCA Autumn-A 278th"]
[Site "Warsaw"]
[Date "2023.10.26"]
[Round "6"]
[White "Pettersson, Alexander"]
[Black "Sternik, Piotr"]
[Result "0-1"]
[WhiteElo "1820"]
[BlackElo "1829"]
[PlyCount "114"]
[EventDate "2023.09.22"]
[EventType "tourn"]
[EventRounds "13"]
[EventCountry "POL"]
[SourceTitle "EXT 2025"]
[Source "ChessBase"]
[SourceDate "2024.10.14"]
[SourceVersion "1"]
[SourceVersionDate "2024.10.14"]
[SourceQuality "1"]

1. d4 Nf6 2. c4 e6 3. Nf3 d5 4. Nc3 c6 5. e3 Bd6 6. Be2 0-0 7. 0-0 Nbd7 8. b3 Re8 9. Bb2 e5 10. dxe5 Bxe5 11. Nxe5 Nxe5 12. cxd5 Nxd5 13. Nxd5 cxd5 14. Qd4 f6 15. Rfd1 Be6 16. Rac1 Rc8 17. Qxa7 Ra8 18. Qxb7 Rxa2 19. Rd2 Qb8 20. Qxb8 Rxb8 21. Bxe5 Rxd2 22. Bxb8 Rxe2 23. b4 Rb2 24. Bd6 Bd7 25. h3 Kf7 26. Rc7 Ke6 27. Bc5 Rb1+ 28. Kh2 Rb2 29. Kg3 Rb3 30. Rb7 Rb2 31. Rb6+ Kf7 32. Rd6 Be6 33. f4 Bf5 34. Rxd5 Be4 35. Rd7+ Ke6 36. Re7+ Kf5 37. Rxe4 Kxe4 38. Kh2 h5 39. h4 f5 40. Kg3 Kd3 41. Kf3 g6 42. Bd6 Rb1 43. Kf2 Ke4 44. Bc5 Rh1 45. Bd4 Rxh4 46. b5 Rh1 47. b6 Rb1 48. Kg3 g5 49. fxg5 f4+ 50. exf4 Kxd4 51. f5 Ke5 52. f6 Rxb6 53. Kh4 Ke6 54. Kxh5 Kf7 55. Kh6 Rb1 56. Kh5 Rh1+ 57. Kg4 Kg6 0-1

[Event "Warsaw YMCA Autumn-A 278th"]
[Site "Warsaw"]
[Date "2023.09.28"]
[Round "2"]
[White "Mazurek, Jerzy"]
[Black "Sternik, Piotr"]
[Result "0-1"]
[WhiteElo "1746"]
[BlackElo "1829"]
[PlyCount "66"]
[EventDate "2023.09.22"]
[EventType "tourn"]
[EventRounds "13"]
[EventCountry "POL"]
[SourceTitle "EXT 2025"]
[Source "ChessBase"]
[SourceDate "2024.10.14"]
[SourceVersion "1"]
[SourceVersionDate "2024.10.14"]
[SourceQuality "1"]

1. d4 d5 2. c4 e6 3. Nc3 Be7 4. cxd5 exd5 5. Bf4 c6 6. e3 Nf6 7. Bd3 Qb6 8. a3 Bg4 9. f3 Bh5 10. Nge2 Nbd7 11. 0-0 0-0 12. Kh1 Bg6 13. e4 dxe4 14. fxe4 Rfe8 15. Qc2 Rac8 16. Rad1 Bf8 17. e5 Bxd3 18. Rxd3 Nd5 19. Rh3 g6 20. Bg5 Bg7 21. Ne4 Re6 22. Nf4 Nxf4 23. Rxf4 Rce8 24. Rf1 Qxd4 25. Nd6 Rf8 26. Nxb7 Qxe5 27. Nd8 Qb5 28. Rhf3 Re2 29. Qxc6 Qxg5 30. Rxf7 Qxd8 31. Qc4 Rxf7 32. Qxf7+ Kh8 33. Rd1 Qe8 0-1

[Event "Warsaw YMCA Autumn-A 278th"]
[Site "Warsaw"]
[Date "2023.09.22"]
[Round "1"]
[White "Sternik, Piotr"]
[Black "Liberadzki, Slawomir"]
[Result "1-0"]
[WhiteElo "1829"]
[BlackElo "1958"]
[PlyCount "95"]
[EventDate "2023.09.22"]
[EventType "tourn"]
[EventRounds "13"]
[EventCountry "POL"]
[SourceTitle "EXT 2025"]
[Source "ChessBase"]
[SourceDate "2024.10.14"]
[SourceVersion "1"]
[SourceVersionDate "2024.10.14"]
[SourceQuality "1"]

1. d4 d5 2. c4 e6 3. Nf3 Be7 4. Nc3 Nf6 5. Bg5 h6 6. Bh4 0-0 7. e3 b6 8. cxd5 exd5 9. Bd3 Bb7 10. 0-0 Nbd7 11. Qc2 Rc8 12. Bg3 Bd6 13. Bxd6 cxd6 14. Qb3 Qe7 15. Rac1 Nb8 16. Bf5 Rc6 17. Qa3 Ba6 18. Rfe1 g6 19. Bh3 Bc8 20. Ne5 Rc7 21. Bxc8 Rfxc8 22. Nd3 Qd7 23. Qb3 Qf5 24. Rcd1 Nc6 25. Qa3 Na5 26. Nb5 Nc4 27. Qa6 Nxb2 28. Nxb2 Rc2 29. Nd3 Ne4 30. Rf1 R8c6 31. Qxa7 Nd2 32. Rxd2 Rxd2 33. Nxd6 Rxd6 34. Qb8+ Kg7 35. Qxd6 Qxd3 36. h3 Qc4 37. Qxb6 Rxa2 38. Qd6 Rc2 39. Qe5+ Kg8 40. Rb1 Rc1+ 41. Rxc1 Qxc1+ 42. Kh2 Qc6 43. e4 dxe4 44. d5 Qd7 45. Qxe4 Qd6+ 46. f4 Kf8 47. Qe5 Qb4 48. d6 1-0

[Event "Warsaw Najdorf Memorial op-B"]
[Site "Warsaw"]
[Date "2023.07.17"]
[Round "7"]
[White "Sternik, Piotr"]
[Black "Dropia, Rafal"]
[Result "1-0"]
[WhiteElo "1783"]
[BlackElo "1585"]
[PlyCount "95"]
[EventDate "2023.07.11"]
[EventType "swiss"]
[EventRounds "9"]
[EventCountry "POL"]
[SourceTitle "EXT 2024"]
[Source "ChessBase"]
[SourceDate "2023.10.10"]
[SourceVersion "1"]
[SourceVersionDate "2023.10.10"]
[SourceQuality "1"]

1. d4 c5 2. e3 Nf6 3. c4 e6 4. Nc3 d5 5. cxd5 exd5 6. Nf3 Nc6 7. Be2 Be7 8. 0-0 0-0 9. b3 Be6 10. Bb2 Rc8 11. Rc1 b6 12. Na4 Ne4 13. dxc5 bxc5 14. Nd2 Na5 15. Nxe4 dxe4 16. Ba6 Rc6 17. Qxd8 Rxd8 18. Bb5 Rcc8 19. Bc3 Nc6 20. Ba6 Rc7 21. Be1 Nb8 22. Bc4 Rd6 23. Ba5 Rc8 24. Bxe6 Rxe6 25. Rfd1 Rd6 26. Rxd6 Bxd6 27. Nc3 f5 28. Nb5 Bf8 29. Nxa7 Re8 30. Bc7 Na6 31. Nb5 Nxc7 32. Nxc7 Rc8 33. Ne6 Be7 34. g4 g6 35. gxf5 gxf5 36. b4 c4 37. Nc5 Ra8 38. a4 Kf7 39. Rxc4 Kf6 40. Nd7+ Ke6 41. Nb6 Rg8+ 42. Kf1 Rb8 43. a5 Bd8 44. Rc6+ Kf7 45. b5 h5 46. a6 Rxb6 47. a7 Rxc6 48. bxc6 1-0

[Event "Warsaw Najdorf Memorial op-B"]
[Site "Warsaw"]
[Date "2023.07.13"]
[Round "3"]
[White "Sternik, Piotr"]
[Black "Kitewski, Bartosz"]
[Result "1/2-1/2"]
[WhiteElo "1783"]
[BlackElo "1971"]
[PlyCount "83"]
[EventDate "2023.07.11"]
[EventType "swiss"]
[EventRounds "9"]
[EventCountry "POL"]
[SourceTitle "EXT 2024"]
[Source "ChessBase"]
[SourceDate "2023.10.10"]
[SourceVersion "1"]
[SourceVersionDate "2023.10.10"]
[SourceQuality "1"]

1. d4 Nf6 2. c4 e6 3. Nf3 d5 4. Bg5 h6 5. Bh4 dxc4 6. Qa4+ Nbd7 7. Qxc4 c5 8. Nc3 a6 9. e3 b5 10. Qb3 Bb7 11. Be2 cxd4 12. exd4 Qa5 13. 0-0 Bd6 14. Bg3 Bxg3 15. hxg3 0-0 16. Ne5 Nxe5 17. dxe5 Nd7 18. f4 Nc5 19. Qc2 b4 20. Nd1 Qb6 21. Kh2 Rac8 22. Bf3 Rfd8 23. Bxb7 Qxb7 24. Nf2 b3 25. Qe2 Qb4 26. axb3 Rd2 27. Qf3 Nxb3 28. Rxa6 Nd4 29. Qe4 Re2 30. Ra8 Rxe4 31. Rxc8+ Kh7 32. Nxe4 Qxb2 33. Rcc1 Qe2 34. Nc3 Qg4 35. Rcd1 Qh5+ 36. Kg1 Nc2 37. Rf3 Qf5 38. Kh2 Qh5+ 39. Kg1 Qf5 40. Kh2 Qh5+ 41. Kg1 Qf5 42. Rb1 1/2-1/2

[Event "Warsaw Maciei Memorial"]
[Site "Warsaw"]
[Date "2023.07.10"]
[Round "7"]
[White "Kovalevsky, Stanislav"]
[Black "Sternik, Piotr"]
[Result "1-0"]
[WhiteElo "2226"]
[BlackElo "1783"]
[PlyCount "125"]
[EventDate "2023.07.10"]
[EventType "swiss (blitz)"]
[EventRounds "11"]
[EventCountry "POL"]
[SourceTitle "CBM 215 Extra"]
[Source "ChessBase"]
[SourceDate "2023.09.30"]
[SourceVersion "1"]
[SourceVersionDate "2023.09.30"]
[SourceQuality "1"]

1. c4 Nf6 2. Nc3 c5 3. g3 Nc6 4. Bg2 d6 5. Nf3 e5 6. d3 Bg4 7. h3 Bd7 8. 0-0 a6 9. a3 Be7 10. Rb1 a5 11. Bd2 0-0 12. Ne1 Qc8 13. Kh2 Nd4 14. e3 Ne6 15. b4 axb4 16. axb4 Rb8 17. f4 exf4 18. exf4 Bc6 19. Nd5 Bxd5 20. cxd5 Nd4 21. Nc2 Nxc2 22. Qxc2 cxb4 23. Rfc1 Qxc2 24. Rxc2 Rfc8 25. Rbc1 Rxc2 26. Rxc2 b3 27. Rb2 Nd7 28. Rxb3 Nc5 29. Ra3 h6 30. d4 Nd7 31. Ra7 Bf6 32. Be3 Kf8 33. g4 g6 34. Kg3 Ke7 35. g5 hxg5 36. fxg5 Bg7 37. h4 Nb6 38. Be4 Nc4 39. Bf2 Nd2 40. Bd3 Nb3 41. Ra4 b6 42. Rb4 Na5 43. Be1 Kd7 44. Kf4 Kc7 45. Kf3 Re8 46. Bd2 Rb8 47. Be3 Nb7 48. Rc4+ Kd7 49. Bf1 Nd8 50. Bh3+ Ke8 51. Rc7 Rb7 52. Rc8 b5 53. Bf1 b4 54. Ba6 Rb6 55. Bd3 b3 56. Rc1 Kd7 57. Rb1 Nb7 58. Bc4 Na5 59. Bd3 Rb8 60. Ke2 b2 61. Kd2 Nb3+ 62. Kc3 Na1 63. Rxb2 1-0

[Event "Warsaw Maciei Memorial"]
[Site "Warsaw"]
[Date "2023.07.10"]
[Round "4"]
[White "Sternik, Piotr"]
[Black "Janeczko, Jakub"]
[Result "0-1"]
[WhiteElo "1783"]
[BlackElo "2085"]
[PlyCount "104"]
[EventDate "2023.07.10"]
[EventType "swiss (blitz)"]
[EventRounds "11"]
[EventCountry "POL"]
[SourceTitle "CBM 215 Extra"]
[Source "ChessBase"]
[SourceDate "2023.09.30"]
[SourceVersion "1"]
[SourceVersionDate "2023.09.30"]
[SourceQuality "1"]

1. d4 Nf6 2. Bg5 Ne4 3. h4 c5 4. d5 Qb6 5. Qc1 c4 6. e3 Qa5+ 7. c3 Qxd5 8. Na3 Nxg5 9. hxg5 Qxg5 10. Nxc4 d5 11. Na3 e6 12. Nb5 Na6 13. Nf3 Qf6 14. Nbd4 Bd7 15. Be2 e5 16. Nb3 Bd6 17. Qc2 Nc7 18. Rxh7 0-0-0 19. Rxh8 Rxh8 20. 0-0-0 e4 21. Nfd4 Qxf2 22. Kb1 Qxe3 23. c4 dxc4 24. Qxc4 f5 25. Rc1 Kb8 26. Nc5 Bxc5 27. Qxc5 Rc8 28. Qe5 f4 29. Bb5 Bxb5 30. Nxb5 Qd3+ 31. Ka1 Qxb5 32. Qxe4 g5 33. Qg6 a5 34. a3 a4 35. g3 fxg3 36. Qe4 Na6 37. Rg1 Nc5 38. Qe5+ Ka7 39. Qe3 Ka6 40. Qxg3 Nb3+ 41. Ka2 Qc4 42. Qd6+ Rc6 43. Qd3 Nc1+ 44. Kb1 Qxd3+ 45. Ka1 Nb3+ 46. Ka2 Qc4 47. Kb1 Nd2+ 48. Ka1 Nb3+ 49. Kb1 Qd3+ 50. Ka2 Rc2 51. Rb1 Qd2 52. Rd1 Rxb2# 0-1

[Event "Warsaw YMCA Winter-A 271st"]
[Site "Warsaw"]
[Date "2023.02.22"]
[Round "7"]
[White "Sternik, Piotr"]
[Black "Pettersson, Alexander"]
[Result "1/2-1/2"]
[WhiteElo "1793"]
[BlackElo "1878"]
[PlyCount "90"]
[EventDate "2023.01.13"]
[EventType "tourn"]
[EventRounds "11"]
[EventCountry "POL"]
[SourceTitle "EXT 2024"]
[Source "ChessBase"]
[SourceDate "2023.10.10"]
[SourceVersion "1"]
[SourceVersionDate "2023.10.10"]
[SourceQuality "1"]

1. e4 c6 2. d4 d5 3. f3 Qb6 4. Nc3 dxe4 5. fxe4 e5 6. Nf3 exd4 7. Nxd4 Bc5 8. Na4 Qa5+ 9. c3 Be7 10. Bf4 Nf6 11. Bd3 0-0 12. 0-0 b5 13. Bxb8 bxa4 14. Bf4 a3 15. Qc2 axb2 16. Qxb2 Ba6 17. Rad1 Bc5 18. Bxa6 Qxa6 19. Qc2 Rae8 20. Rfe1 Qc4 21. Kh1 Rd8 22. Qb3 Qxb3 23. axb3 Bxd4 24. cxd4 Rfe8 25. e5 Nd5 26. g3 Rb8 27. Rd3 Rb6 28. Ra1 Re7 29. Kg2 Reb7 30. Rb1 Kf8 31. Bc1 Ke7 32. Ba3+ Ke6 33. Bc5 Rb5 34. Bf8 g6 35. Rc1 R7b6 36. Rf3 Ra6 37. Rcf1 Rb7 38. Bc5 h5 39. R1f2 Ra1 40. Rc2 Ra6 41. Rcf2 Ra5 42. b4 Ra4 43. Rc2 Ra6 44. Rcf2 Ra4 45. Rc2 Ra6 1/2-1/2

[Event "Warsaw Najdorf Memorial op-B"]
[Site "Warsaw"]
[Date "2022.07.10"]
[Round "2"]
[White "Sternik, Piotr"]
[Black "Nowak, Lukasz"]
[Result "1/2-1/2"]
[WhiteElo "1434"]
[BlackElo "1709"]
[PlyCount "122"]
[EventDate "2022.07.09"]
[EventType "swiss"]
[EventRounds "9"]
[EventCountry "POL"]
[SourceTitle "CBM 209 Extra"]
[Source "ChessBase"]
[SourceDate "2022.09.30"]
[SourceVersion "1"]
[SourceVersionDate "2022.09.30"]
[SourceQuality "1"]

1. d4 d5 2. c4 c6 3. Nf3 Nf6 4. e3 a6 5. cxd5 cxd5 6. Bd3 Nc6 7. 0-0 Bg4 8. Nbd2 e6 9. a3 Bd6 10. b4 0-0 11. Bb2 Re8 12. Be2 h6 13. Nb3 Ne4 14. Nc5 Qc7 15. h3 Bf5 16. Rc1 Nxc5 17. dxc5 Be7 18. Bd3 Bxd3 19. Qxd3 Red8 20. Qb3 b6 21. cxb6 Qxb6 22. Bxg7 Kxg7 23. Qc3+ Bf6 24. Qxc6 Qxc6 25. Rxc6 Bb2 26. Rb1 Bf6 27. a4 Rdb8 28. Nd4 Bxd4 29. exd4 Rb7 30. Rc3 Rab8 31. Rcb3 Rc7 32. b5 axb5 33. axb5 Rc4 34. Rb4 Rc2 35. R1b2 Rc1+ 36. Kh2 Rc3 37. R2b3 Rc2 38. Kg3 Kf6 39. Ra4 Rc4 40. Rxc4 dxc4 41. Rc3 Rxb5 42. Rxc4 Rb3+ 43. Kf4 Rb2 44. Ke3 Rb3+ 45. Kd2 Rb2+ 46. Rc2 Rb3 47. Rc3 Rb2+ 48. Ke3 Kg6 49. g3 Kf6 50. h4 Kg6 51. f3 Rb1 52. Ke4 Re1+ 53. Kf4 Rd1 54. Ke4 Re1+ 55. Re3 Rd1 56. Ke5 Ra1 57. h5+ Kg5 58. Re4 Ra5+ 59. Kd6 Ra6+ 60. Ke7 Ra7+ 61. Kf8 Kxh5 1/2-1/2

[Event "Mazowiec-chT op 1617"]
[Site "Warsaw"]
[Date "2017.01.29"]
[Round "7.12"]
[White "Krol, Roman"]
[Black "Sternik, Piotr"]
[Result "0-1"]
[WhiteElo "1437"]
[BlackElo "1317"]
[PlyCount "104"]
[EventDate "2016.12.11"]
[EventType "team-swiss"]
[EventRounds "10"]
[EventCountry "POL"]
[SourceTitle "EXT 2019"]
[Source "ChessBase"]
[SourceDate "2018.10.10"]
[SourceVersion "1"]
[SourceVersionDate "2018.10.10"]
[SourceQuality "1"]

1. c4 f5 2. d4 Nf6 3. Nc3 e6 4. Bg5 Be7 5. Nf3 0-0 6. Bxf6 Bxf6 7. e3 d5 8. Be2 Bd7 9. 0-0 c6 10. c5 Be8 11. Ne1 Nd7 12. Nc2 a5 13. Na4 e5 14. f3 Bg6 15. f4 e4 16. g4 h6 17. gxf5 Bxf5 18. Kh1 Bh4 19. Rg1 Rf6 20. Bg4 Bxg4 21. Qxg4 Rf7 22. Rg2 Bf6 23. Rag1 Qe7 24. Qg6 Kh8 25. Ne1 Rg8 26. Qh5 Qe8 27. Rg3 Re7 28. Qh3 Rf7 29. f5 Bg5 30. Rxg5 Nf8 31. Rh5 Qc8 32. Nb6 Qe8 33. Ng2 Rf6 34. Nf4 Qf7 35. Ng6+ Nxg6 36. fxg6 Rxg6 37. Rf1 Rf6 38. Rhf5 Qe6 39. Qh5 Rg6 40. h3 Rg3 41. Qe2 g6 42. R5f2 Rxh3+ 43. Rh2 h5 44. Rxh3 Qxh3+ 45. Kg1 g5 46. Rf2 Qg3+ 47. Rg2 Qf3 48. Nd7 h4 49. Ne5 Qxe2 50. Rxe2 g4 51. Rh2 h3 52. Kf2 g3+ 0-1

[Event "Mazowiec-chT op 1617"]
[Site "Warsaw"]
[Date "2017.01.29"]
[Round "8.12"]
[White "Sternik, Piotr"]
[Black "Krol, Roman"]
[Result "1/2-1/2"]
[WhiteElo "1317"]
[BlackElo "1437"]
[PlyCount "100"]
[EventDate "2016.12.11"]
[EventType "team-swiss"]
[EventRounds "10"]
[EventCountry "POL"]
[SourceTitle "EXT 2019"]
[Source "ChessBase"]
[SourceDate "2018.10.10"]
[SourceVersion "1"]
[SourceVersionDate "2018.10.10"]
[SourceQuality "1"]

1. d4 Nf6 2. c4 e6 3. Nf3 b6 4. e3 Bb7 5. Nc3 Be7 6. Be2 d5 7. Bd2 0-0 8. 0-0 Ne4 9. a3 Nxd2 10. Nxd2 Nd7 11. Bf3 Nf6 12. e4 dxe4 13. Ndxe4 c6 14. Qd2 Qc7 15. Rad1 Rad8 16. Qe3 a6 17. Nxf6+ Bxf6 18. Ne4 Be7 19. Nc3 Bf6 20. Ne4 Be7 21. Rfe1 c5 22. dxc5 Bxc5 23. Nxc5 bxc5 24. Rxd8 Rxd8 25. Bxb7 Qxb7 26. Qxc5 Qxb2 27. h3 Qd4 28. Qxd4 Rxd4 29. Rc1 Rd6 30. c5 Rc6 31. a4 Kf8 32. Kf1 Ke7 33. Ke2 e5 34. Ke3 Ke6 35. Ke4 f5+ 36. Ke3 Kd5 37. f4 e4 38. g4 g6 39. Rd1+ Kxc5 40. Rd7 Rd6 41. Rxh7 Rd3+ 42. Ke2 Rf3 43. Rh6 Kd4 44. Rxg6 fxg4 45. hxg4 Rxf4 46. Rxa6 Rxg4 47. Rb6 Rg8 48. a5 Ra8 49. Rb4+ Kc5 50. Rxe4 Rxa5 1/2-1/2